00822nam a2200181 a 450000500170000000800410001702000180005804000780007604100080015410000380016224501270020026000420032730000180036965000600038765000280044765000640047571001010053920171004161624.0140522s2013 ck gr 00010 spa d a9789587630824 aCO-BoBLA bspa cSandra Palacio (modificó)dSandra Palacio (modificó)0 aspa1 aGómez Meneses, Joaquín Alonso10aMedios ciudadanos y conflictos urbanosbexpresiones de periodismo y participación en ColombiacJoaquín Gómez Meneses aBogotá (Colombia) bUNIMINUTOc2013 a188 páginas17aViolencia urbana xCubrimiento periodísticozColombia27aCiudadanía zColombia27aMovimientos sociales xCubrimiento periodísticozColombia1 aCorporación Universitaria Minuto de Dios. UNIMINUTObFacultad de Ciencias de la Comunicación